00476nam a2200145Ia 4500008004100000020001800041041000800059082001600067100002300083245011900106250000600225260006100231300001500292650002300307210716s2008 xx 000 0 und d a9780073515120 aeng a374.22 EAST aEaston, Thomas A. aTaking sides: clashing views in science technology and society.bClashing views in science technology and society. a1 aNew DelhibTata McGraw Hill Publishing Company Ltdc2008 axxviii,396 aGeneral Management